| 000 | 00916nam a2200241Ia 4500 | ||
|---|---|---|---|
| 003 | OSt | ||
| 005 | 20200917134305.0 | ||
| 008 | 191128s1996 ck a gr 000 0 spa d | ||
| 020 | _a9584206192 | ||
| 040 |
_aCO-JMCR _cCO-JMCR |
||
| 041 | 1 |
_aspa _heng |
|
| 082 | 0 | 4 |
_a423 / _bD612m _223 |
| 110 | 1 |
_aDisney Enterprises, Inc. _910375 |
|
| 245 | 1 | 0 |
_aMagic english / _cDisney Enterprise |
| 260 |
_aBogotá : _bPlaneta, _c1996. |
||
| 300 |
_a158 páginas : _b ilustraciones a color ; _c29 cm. |
||
| 505 | 0 | _aNigt and day = Noche y día -- Let's play = A jugar! -- Numbers = Números -- A home = En casa -- My body = Mi cuerpo -- Party time = De fiesta -- Cooking = En la cocina -- The forest = El bosque | |
| 546 | _aTextos en español e inglés | ||
| 650 | 2 | 4 |
_aInglés para niños _910376 |
| 650 | 2 | 4 |
_aAprendizaje de inglés para niños _910366 |
| 650 | 2 | 4 |
_aCurso de inglés para niños _910377 |
| 942 |
_2ddc _cBK |
||
| 999 |
_c4568 _d4568 |
||